000 00789nam a2200217Ii 4500
003 JO-AjNU
008 230605s9999||||xx |||||||||||||| ||und||
017 _a2003/6/1157
040 _aJO-AjNU
_bara
_erda
_cJO-AjNU
041 _aara
050 1 4 _aBP144.2.J87.B3342 2003
100 3 _aبحاز،ابراهيم,
_eauthor
_99048
245 0 0 _aالقضاء في الإسلام: نشأته، أهميته، تاريخه حتى نهاية القرن الأول الهجري السابع للميلاد
250 _aط1
264 3 1 _aالمفرق: دار المسار للنشر والتوزيع، 2003
300 _a90ص
336 _atext
_btxt
_2rdacontent
337 _aunmediated
_bn
_2rdamedia
338 _avolume
_bnc
_2rdacarrier
650 4 _aالقضاء في الإسلام
_99049
999 _aA1100
_c4668
_d4668